| 000 | 00000nam##2200000za#4500 |
| 001 | 9.606980 |
| 003 | CaOODSP |
| 005 | 20210624212909 |
| 007 | cr ||||||||||| |
| 008 | 150406|1999||||xxc|||||o f|0| 0 fre|d |
| 040 | |aCaOODSP|bfre |
| 043 | |an-cn--- |
| 086 | 1 |aEn37-81/9-1999F-PDF |
| 110 | 1 |aCanada. |bEnvironnement Canada. |
| 245 | 10|aVulnérabilité de l'eau au changement climatique |h[ressource électronique] |
| 260 | |aOttawa - Ontario : |bEnvironnement Canada |cc1999. |
| 300 | |a18p.|bfigures en couleur, cartes en couleur, graphique |
| 490 | 1 |aCollection eau douce |vA-9 |
| 504 | |aBibliographie. |
| 590 | |a14-21-Supp|b2014-12-11 |
| 691 | 07|aChangement climatique|2gcpds |
| 691 | 07|aEau|2gcpds |
| 830 | #0|aCollection eau douce ;|vA-9|w(CaOODSP)9.504215 |
| 856 | 40|ahttp://publications.gc.ca|qPDF|s269 Ko|uhttps://publications.gc.ca/collections/collection_2014/ec/En37-81-9-1999-fra.pdf|yA-9 |